000 00789nmc a2200289 a 4500
003 AR-BaBNM
005 20251128211612.0
008 174120s1996 ||||||||||||||000 | spa||
020 _a968-16-4872-2
040 _cAR-BaBNM
100 1 _aBess, Clayton
245 1 0 _aCuento negro para una negra noche
250 _a2ª ed.
260 _aMéxico
_bFondo de Cultura Económica
_c1996
300 _a82 p.
_bil.
490 0 _aA la orilla del viento
_vv. 26
650 4 _aCUENTOS DE TERROR
650 4 _aLIBROS PARA NINOS
650 4 _aLITERATURA INFANTIL
650 4 _aCUENTOS DE AVENTURAS
653 _aLITERATURA JUVENIL
655 _aLITERATURA
700 1 _aAhumada, Manuel
_eilustrador
700 1 _aSegovia Albán, Rafael
_etraductor
942 _cBK
998 _cEugenia
999 _c20384
_d20384